| 000 | 00420pab a2200145 454500 | ||
|---|---|---|---|
| 008 | 180718b2005 xxu||||| |||| 00| 0 eng d | ||
| 100 | _aOwen-Smith, Jason | ||
| 245 | _aDockets, deals, and sagas: commensuration and the rationalization of experience in university licensing | ||
| 260 | _c2005 | ||
| 300 | _ap.69-97. | ||
| 362 | _aFeb | ||
| 650 | _aUniversities | ||
| 773 | _aSocial Studies of Science | ||
| 909 | _a65013 | ||
| 999 |
_c65013 _d65013 |
||